| 000 | 00324nam a22001217a 4500 | ||
|---|---|---|---|
| 008 | 230704b xxu||||| |||| 00| 0 eng d | ||
| 082 |
_a344.1 _bHUG |
||
| 100 | _cGreer Hogan | ||
| 245 |
_aNutshells _bConstitutional and Administrative Law |
||
| 260 |
_aGreat Britain _bSweet & Maxwell _c1987 |
||
| 300 | _a122p | ||
| 942 |
_2ddc _cBK |
||
| 999 |
_c3564 _d3564 |
||